FUNDAMENTAL OF EDUCATIONAL PSYCHOLOGY (Record no. 27152)
[ view plain ]
| 000 -LEADER | |
|---|---|
| fixed length control field | 00303nam a22001337a 4500 |
| 003 - CONTROL NUMBER IDENTIFIER | |
| control field | SGT |
| 020 ## - INTERNATIONAL STANDARD BOOK NUMBER | |
| International Standard Book Number | 9788131758663 |
| 082 ## - DEWEY DECIMAL CLASSIFICATION NUMBER | |
| Classification number | 370.15,WOO |
| 100 ## - MAIN ENTRY--PERSONAL NAME | |
| Personal name | WOOLFOLK, ANITA |
| 245 ## - TITLE STATEMENT | |
| Title | FUNDAMENTAL OF EDUCATIONAL PSYCHOLOGY |
| 260 ## - PUBLICATION, DISTRIBUTION, ETC. (IMPRINT) | |
| Place of publication, distribution, etc | NEW DELHI |
| Name of publisher, distributor, etc | PEARSON |
| Year of Publication | 2012 |
| 300 ## - PAGE DESCRIPTION | |
| No. of Pages | 545 |
| 942 ## - ADDED ENTRY ELEMENTS (KOHA) | |
| Source of classification or shelving scheme | Dewey Decimal Classification |
| Koha item type | Books |
| 942 ## - ADDED ENTRY ELEMENTS (KOHA) | |
| -- | 1 |
| Withdrawn status | Lost status | Source of classification or shelving scheme | Damaged status | Use restrictions | Not for loan | Collection code | Home library | Current library | Shelving location | Date acquired | Vendor Name | Cost, normal purchase price | SGTU | Bill Number | Full call number | Accession No. (Barcode) | Date last seen | Bill Date | Koha item type | Total Checkouts | Date last borrowed |
|---|---|---|---|---|---|---|---|---|---|---|---|---|---|---|---|---|---|---|---|---|---|
| Dewey Decimal Classification | Restricted Access | Not For Loan | EDUCATION | SGT Engineering Library | SGT Engineering Library | Reference Book | 14/10/2024 | ABC PUBLISHERS AND DISTRIBUTORS PVT. LTD. | 645.00 | SGTU | IN84 | 370.15,WOO | ED5354 | 14/10/2024 | 10/09/2024 | Books | |||||
| Dewey Decimal Classification | EDUCATION | SGT Engineering Library | SGT Engineering Library | Text Book | 14/10/2024 | ABC PUBLISHERS AND DISTRIBUTORS PVT. LTD. | 645.00 | SGTU | IN84 | 370.15,WOO | ED5355 | 19/05/2025 | 10/09/2024 | Books | 2 | 04/04/2025 | |||||
| Dewey Decimal Classification | EDUCATION | SGT Engineering Library | SGT Engineering Library | Text Book | 14/10/2024 | ABC PUBLISHERS AND DISTRIBUTORS PVT. LTD. | 645.00 | SGTU | IN84 | 370.15,WOO | ED5356 | 14/10/2024 | 10/09/2024 | Books |